Emisiones atmosféricas de origen biológico / (Registro nro. 17554)

Detalles MARC
000 -CABECERA
Campo de control 01027nam a22002657a 4500
005 - FECHA Y HORA DE LA ULTIMA TRANSACCION
Campo de control 20180803170134.0
008 - ELEMENTOS DE LONGITUD FIJA—INFORMACION GENERAL
Campo de control 120817s2011 ck a gr 000 0dspa d
020 ## - ISBN
ISBN 9789587460377
040 ## - FUENTE DE CATALOGACIÓN
Agencia catalogadora original CO-BoBLA
Agencia transcriptora CO-BoBLA
Agencia Modificadora CO-BoIAVH
041 0# - IDIOMA
Código de idioma para texto/pista de sonido o título separado Español
044 ## - PAÍS DE PUBLICACIÓN
País de publicación Colombia
082 04 - NUMERO DE CLASIFICACION DECIMAL DEWEY
Número de clasificación 628.53
Número del ítem C17e
100 1# - ASIENTO PRINCIPAL--NOMBRE PERSONAL
Nombre personal Camargo Caicedo, Yiniva.
245 10 - MENCION DE TITULO
Título Emisiones atmosféricas de origen biológico /
Mención de responsabilidad Yiniva Camargo Caicedo, Diana Henao Marín, Andrés Mauricio Vélez-Pereira.
260 ## - PUBLICACION, DISTRIBUCION, ETC. (PIE DE IMPRENTA)
Lugar de publicación, distribución, etc. Santa Marta :
Nombre del editor, distribuidor, etc. Universidad del Magdalena :
-- Grupo de Investigaciones Modelación de Sistemas Ambientales,
Fecha de publicación, distribución, etc. 2011.
300 ## - DESCRIPCION FISICA
Extensión 162 p. :
Otros detalles físicos il. ;
Dimensiones 24 cm.
504 ## - NOTA DE BIBLIOGRAFIA, ETC.
Nota de bibliografía Incluye bibliografías.
650 #4 - ASIENTO SECUNDARIO DE MATERIA - TERMINO TEMATICO
Término temático o nombre geográfico como elemento de entrada Contaminación del aire.
650 #4 - ASIENTO SECUNDARIO DE MATERIA - TERMINO TEMATICO
Término temático o nombre geográfico como elemento de entrada Calidad del aire.
650 ## - ASIENTO SECUNDARIO DE MATERIA - TERMINO TEMATICO
Término temático o nombre geográfico como elemento de entrada Aerosoles biológicos
Subdivisión general Aspectos ambientales.
650 #4 - ASIENTO SECUNDARIO DE MATERIA - TERMINO TEMATICO
Término temático o nombre geográfico como elemento de entrada Control de calidad del aire.
700 1# - ASIENTO SECUNDARIO - NOMBRE PERSONAL
Nombre personal Henao Marín, Diana.
700 1# - ASIENTO SECUNDARIO - NOMBRE PERSONAL
Nombre personal Vélez-Pereira, Andrés Mauricio.
942 ## - ELEMENTOS ADICIONALES (KOHA)
Sistema de clasificación Dewey Decimal Classification
Tipo de ítem Libro
Existencias
Withdrawn status Lost status Sistema de Clasificación Damaged status No para préstamo Colección Inventariado Ubicación Permanente Ubicación actual Fecha de adquisición Fuente de Valor Valor Total Checkouts Número topográfico Inventario / Código de Barras Date last seen Ejemplar Price effective from Forma de adquisición Tipo de material
    Dewey Decimal Classification     General Inventariado 2017 Bogotá Bogotá 09/07/2015 Instituto 39000.00   LB-628.53 C17e 034586 09/07/2015 Ej. 1 09/07/2015   Libro
    Dewey Decimal Classification     General Inventariado 2017 Bogotá Bogotá 09/07/2015 Instituto 39000.00   LB-628.53 C17e 034585 09/07/2015 Ej. 2 09/07/2015   Libro